1HSS - This is me - norsk -> engelsk - Statistics

General Stats
  • This quiz has been taken 31 times
  • The average score is 6 of 35
Answer Stats
Norsk English % Correct
barneskole primary school
75%
samarbeide cooperate
63%
spesielle behov special needs
63%
(å være) spent excited
50%
psykisk helse mental health
50%
kvalifisert qualified
50%
yrke profession
38%
kjøretøy vehicle
38%
lærling apprentice
25%
utvikling development
25%
foresatt guardian
25%
helseservicefag Health Service
25%
helsefagarbeider health worker
25%
apotektekniker pharmacy technician
25%
utplassering placement
13%
å delta på to attend
13%
videregående skole upper secondary school
13%
VG3 advanced course
0%
ambulansearbeider ambulance service technician
0%
grunnleggende ferdigheter basic skills
0%
ha rett på ​be entitled to
0%
barne- og ungdomsarbeider child care and youth worker
0%
tannhelsesektær dental assistant
0%
utdanningsprogram education programme
0%
VG1 foundation course
0%
helse- og oppvekstfag Healthcare, Childhood and Youth Development
0%
helsefag healthcare studies
0%
VG2 intermediate course
0%
gjøre nytte for seg make oneself useful
0%
gi (sørge for at har) provide
0%
fast arbeidstid regular hours
0%
alvorlig severe
0%
avgjørende severe
0%
fagprøve ​trade examination
0%
yrkesrettet studie vocational studies
0%
No matching quizzes found
Score Distribution
Percent of People with Each Score
Percentile by Number Answered
Your Score History
You have not taken this quiz